Logo BPK

Biblioteka

Politechniki Koszalińskiej

Wykaz zwierząt Polski = (Rekord nr 36286)

Szczegóły MARC
000 -ETYKIETA REKORDU
podpole kontrolne o stałej długości 01070nam a2200277 i 4500
001 - NUMER KONTROLNY REKORDU
pole kontrolne bg
020 ## - MIĘDZYNARODOWY ZNORMALIZOWANY NUMER KSIĄŻKI - ISBN
ISBN 8390033747 (t. 3)
040 ## - ŹRÓDŁO KATALOGOWANIA
Instytucja, która utworzyła rekord BPK
041 0# - KOD JĘZYKA
Kod języka tekstu plenla
080 ## - UNIWERSALNA KLASYFIKACJA DZIESIĘTNA - UKD
UKD 592/599(438)(083.8)
920 ## - Międzynarodowy znormalizowany numer książki – ISBN
ISBN 83-900337-4-7 (t. 3)
008 - POLE O STAŁEJ DŁUGOŚCI - DANE KONTROLNE
podpole kontrolne o stałej długości s pl f |000 0 pol
245 00 - TYTUŁ/ODPOWIEDZIALNOŚĆ
Tytuł Wykaz zwierząt Polski =
Ciąg dalszy tytułu Checklist of animals of Poland.T. 5 cz.32-22,23 Insecta - coleoptera, strepsiptera /
Pozostałe elementy strefy tytułu i oznaczenia odpowiedzialności pod red. Józefa Razowskiego ; Polska Akademia Nauk. Instytut Systematyki i Ewolucji Zwierząt ; [aut. Maciej Mroczkowski, Janina Stefańska].
246 11 - WARIANT TYTUŁU
Tytuł Checklist of animals of Poland
260 ## - STREFA ADRESU WYDAWNICZEGO
Miejsce wydania Kraków :
Nazwa wydawcy/dystrybutora ISiEZ PAN,
Data publikacji, dystrybucji/powstania dokumentu 1997.
300 ## - STREFA OPISU FIZYCZNEGO
Objętość 260 s. ;
Rozmiary 24 cm.
500 ## - UWAGI OGÓLNE
Tekst uwagi Tekst równol. pol., ang.
504 ## - UWAGA DOTYCZĄCA BIBLIOGRAFII
Informacje o bibliografii Bibliogr. przy rozdz. - Indeks.
650 #9 - HASŁO PRZEDMIOTOWE W FORMIE NAZWY OGÓLNEJ LUB JEDNOSTKOWEJ
Nazwa ogólna lub geograficzna Owady
Określnik ogólny systematyka
Określnik geograficzny Polska
650 #9 - HASŁO PRZEDMIOTOWE W FORMIE NAZWY OGÓLNEJ LUB JEDNOSTKOWEJ
Nazwa ogólna lub geograficzna Zwierzęta
Określnik ogólny systematyka
Określnik geograficzny Polska
700 1# - HASŁO DODATKOWE - NAZWA OSOBOWA
Nazwa osobowa RAZOWSKI, Józef.
Określenie związku między hasłem a opisywanym materiałem Red.
700 1# - HASŁO DODATKOWE - NAZWA OSOBOWA
Nazwa osobowa MROCZKOWSKI, Maciej
700 1# - HASŁO DODATKOWE - NAZWA OSOBOWA
Nazwa osobowa STEFAŃSKA, Janina
710 #0 - HASŁO DODATKOWE - NAZWA CIAŁA ZBIOROWEGO
Nazwa ciała zbiorowego lub jednostki geograficznej Polska Akademia Nauk
Nazwa jednostki podrzędnej Instytut Systematyki i Ewolucji Zwierząt (Kraków)
856 ## - LOKALIZACJA I DOSTĘP DO ELEKTRONICZNYCH DOKUMENTÓW ZDALNYCH
Link (URL) http://koha.tu.koszalin.pl/cgi-bin/koha/opac-detail.pl?biblionumber=36286
Tekst linku Katalog online BPK
942 ## - DODATKOWE ELEMENTY (KOHA)
Typ dokumentu Książka
Egzemplarze
Wycofany Status egzemplarza Uszkodzony Dostępność Lokalizacja stała Lokalizacja bieżąca Miejsce przechowywania Sygnatura Kod kreskowy Typ dokumentu
      Dostępny Biblioteka Politechniki Koszalińskiej Biblioteka Politechniki Koszalińskiej Wypożyczalnia BG 50192 01430851 Książka
© 2023 Biblioteka Politechniki Koszalińskiej :: KOHA